Molecular transfer across parasite membranes /

Bibliographic Details
Other Authors: Arme, C., Chappell, L. H.
Format: Book
Language:English
Published: Cambridge ; New York : Cambridge University Press, [1988]
Series:Symposia of the British Society for Parasitology ; v. 25.
Parasitology. Supplement ; v. 96, suppl.
Subjects:

MARC

Tag First Indicator Second Indicator Subfields
LEADER 00000cam a2200000 a 4500
001 in00000028824
005 20151007054715.0
008 880418s1988 enka b 10000 eng d
035 |a (OCoLC)17807350 
035 |9 AAB6001AM 
040 |a TXA  |c TXA  |d BGU  |d TXA  |d UtOrBLW 
049 |a TXAM  |c [A12642514] 
050 4 |a QH601  |b .M66 1988 
245 0 0 |a Molecular transfer across parasite membranes /  |c edited by C. Arme ; co-ordinating editor, L.H. Chappell. 
264 1 |a Cambridge ;  |a New York :  |b Cambridge University Press,  |c [1988] 
264 4 |c ©1988 
300 |a vi, S193 pages :  |b illustrations ;  |c 24 cm. 
336 |a text  |b txt  |2 rdacontent 
337 |a unmediated  |b n  |2 rdamedia 
338 |a volume  |b nc  |2 rdacarrier 
490 1 |a Symposia of the British Society for Parasitology ;  |v v. 25 
490 1 |a Parasitology ;  |v v. 96, Supplement 
504 |a Includes bibliographies. 
650 0 |a Cell membranes  |v Congresses. 
650 0 |a Cell receptors  |v Congresses. 
650 0 |a Parasitic diseases  |x Congresses. 
700 1 |a Arme, C. 
700 1 |a Chappell, L. H. 
830 0 |a Symposia of the British Society for Parasitology ;  |v v. 25. 
830 0 |a Parasitology.  |p Supplement ;  |v v. 96, suppl. 
999 |a MARS 
999 f f |s c0ad9c31-b904-33e2-bcd8-eb35855fbfce  |i 4676a895-9351-3b22-ba2a-5b78b0d92cb9  |t 0 
952 f f |p ric  |a Texas A&M University  |b Rellis Campus  |c Joint Library Facility  |d Remote Storage  |t 0  |e QH601 .M66 1988  |h Library of Congress classification  |i unmediated -- volume  |m A14812642514 
998 f f |a QH601 .M66 1988  |t 0  |l Remote Storage